Central Library OPAC University of Rajshahi

Literary and historical studies in Indology / (Record no. 23336)

MARC details
000 -LEADER
fixed length control field 00991cam a2200301 i 4500
001 - CONTROL NUMBER
control field 23336
003 - CONTROL NUMBER IDENTIFIER
rucl marc code BD-RjUL
005 - DATE AND TIME OF LATEST TRANSACTION
control field 20260201152345.0
008 - FIXED-LENGTH DATA ELEMENTS--GENERAL INFORMATION
fixed length control field 781027s1975 ii af b 001 0 eng
035 ## - SYSTEM CONTROL NUMBER
System control number (BD-RjUL)23401
040 ## - CATALOGING SOURCE
Original cataloging agency DLC
Transcribing agency DLC
Modifying agency BD-RjUL
Language of cataloging eng
041 ## - LANGUAGE CODE
Language code of text/sound track or separate title eng
082 00 - DEWEY DECIMAL CLASSIFICATION NUMBER
Classification number 954
Author mark and year MIL 1975
100 1# - MAIN ENTRY--PERSONAL NAME
Personal name Mirashi, Vasudev Vishnu,
Dates associated with a name 1893-
9 (RLIN) 71890
245 10 - TITLE STATEMENT
Title Literary and historical studies in Indology /
Statement of responsibility, etc. by Vasudev Vishnu Mirashi.
250 ## - EDITION STATEMENT
Edition statement 1st ed.
260 ## - PUBLICATION, DISTRIBUTION, ETC. (IMPRINT)
Place of publication, distribution, etc. Delhi :
Name of publisher, distributor, etc. Motilal Banarsidass,
Date of publication, distribution, etc. 1975.
300 ## - PHYSICAL DESCRIPTION
Pagination x, 277 p. :
Illustrations ill. ;
Size 22 cm.
500 ## - GENERAL NOTE
General note Includes passages in Sanskrit.
General note Companion volume to the author's Studies in indology.
504 ## - BIBLIOGRAPHY, ETC. NOTE
Bibliography, etc Includes bibliographical references and index.
650 #0 - SUBJECT ADDED ENTRY--TOPICAL TERM
Topical term or geographic name as entry element Sanskrit literature
General subdivision History and criticism.
9 (RLIN) 67423
Topical term or geographic name as entry element Numismatics
Geographic subdivision India.
9 (RLIN) 71891
651 #0 - SUBJECT ADDED ENTRY--GEOGRAPHIC NAME
Geographic name India
General subdivision History
Chronological subdivision 324 B.C.-1000 A.D.
9 (RLIN) 71892
942 ## - ADDED ENTRY ELEMENTS (KOHA)
Source of classification or shelving scheme Dewey Decimal Classification
Koha item type Books
Holdings
Lost status Source of classification or shelving scheme Damaged status Not for loan Collection code Permanent Location Current Location Shelving location Date acquired Source of acquisition Cost, normal purchase price Total Checkouts Full call number Date last seen Copy number Koha item type
  Dewey Decimal Classification   Added to bundle Non-fiction Central Library, University of Rajshahi Central Library, University of Rajshahi Reading Room 28/05/1982 K.P. Bangali and calcuta 55.00   954 MIL 1975 10/03/2014 C-1 Books
  Dewey Decimal Classification     Non-fiction Central Library, University of Rajshahi Central Library, University of Rajshahi General Stacks 28/05/1982 K.P. Bangali and calcuta 55.00   954 MIL 1975 01/02/2026 C-2 Books
  Dewey Decimal Classification     Non-fiction Central Library, University of Rajshahi Central Library, University of Rajshahi General Stacks 28/05/1982 K.P. Bangali and calcuta 55.00   954 MIL 1975 02/02/2026 C-3 Books